Empire / (Record no. 150524)

MARC details
000 -LEADER
fixed length control field 00572nam a22001937a 4500
005 - DATE AND TIME OF LATEST TRANSACTION
control field 20180323171730.0
010 ## - LCCN (DPL NO)
LC control number ENG-122389
020 ## - INTERNATIONAL STANDARD BOOK NUMBER
Terms of availability 595.00
International Standard Book Number 9780674972254
035 ## - SYSTEM CONTROL NUMBER
System control number EN-105921
037 ## - SOURCE OF ACQUISITION
Source of stock number/acquisition DBAD/PUB
082 ## - DEWEY DECIMAL CLASSIFICATION NUMBER
Classification number 195
100 ## - MAIN ENTRY--PERSONAL NAME
Personal name Hardt, Michael
245 ## - TITLE STATEMENT
Title Empire /
Statement of responsibility, etc by Michael Hardt [and] Antonio Negri
260 ## - PUBLICATION, DISTRIBUTION, ETC. (IMPRINT)
Place of publication, distribution, etc London, England
Name of publisher, distributor, etc Harvard University Press
Date of publication, distribution, etc 2016
270 ## - ADDRESS
City London, England
Postal code 1933
Address 1, Negri, Antonio
300 ## - PHYSICAL DESCRIPTION
Extent 394p.
Dimensions 24cm.(pbk)
Other physical details ill. picture
700 ## - ADDED ENTRY--PERSONAL NAME
Dates associated with a name Negri, Antonio
942 ## - ADDED ENTRY ELEMENTS (KOHA)
Source of classification or shelving scheme Dewey Decimal Classification
Item type English Books
Call number suffix HAR
Classification part 195
Holdings
Withdrawn status Lost status Not for loan Collection code Home library Current library Date acquired Source of acquisition Cost, normal purchase price Full call number Barcode Copy number Cost, replacement price Koha item type
    Not For Loan Non-fiction D.B.Act.Division D.B.Act.Division 23/03/2018 DBAD/PUB 595.00 195 HAR EN-105921 1 595.00 English Books

© Delhi Public Library
Hit Counter
free hit counter